1452 1780 1956 1523 1073 1259 1832 1903 1860 1513 1224 1728 1090 1924 1665 1709 1851 1405 1431 1421 1917 1075 1678 1669 1875 1033 1512 1679 1053 1305 1207 1835 1502 1865 1168 1438 1966 1834 1491 1180 1684 1464 1976 1800 1745 1747 1118 1010 1821 1554 1160 1073 1504 1770 1410 1360 1164 1291 1968 1168 1195 1665 1496 1935 1551 1306 1479 1839 1287 1978 1559 1792 1162 1864 1172 1842 1948 1682 1183 1762 1103 1446 1446 1566 1893 1430 1881 1175 1304 1172 1072 1845 1521 1464 1142 1438 1293 1828 1168 BCNSPRNW ULIB Ver.6.0+V

เปลี่ยนเป็นภาษาไทย

Change to English
 แสดงรายละเอียดบรรณานุกรม
  กลับหน้าหลัก

Brief Record : Get Marc (ISO 2709) : E-mail record : QR code < ปิดหน้าต่าง
LEADER : 00000nam 2200000uu 4500
001    13399113565
003     ULIB
008    111128s2551||||th 000 0 tha d
020    ^a9789741062065
090    ^aนว.^bA111ร 2551
100 0  ^aThe Little Finger
245 00 ^aเรือนรักที่พักใจ/^cAndra
250    ^aพิมพ์ครั้งที่ 2
260    ^aกรุงเทพฯ :^bแจ่มใส,^c2551
300    ^a346 หน้า
710 1  ^aแจ่มใส
945    ^p219^l0^i15324
995    ^aกัณชพร
999    ^aใช้งานได้ทุกระบบ
รายการนี้ยังไม่มีแท็ก
คุณยังไม่ได้ล็อกอิน คุณสามารถมีกิจกรรมร่วมกับเว็บไซต์ได้ แต่ต้องล็อกอินก่อน ::
  ล็อกอิน

รายการสื่อสารสนเทศ

ลำดับที่ ประเภท เลขเรียก/บาร์โค้ด สถานที่ สถานะ
1. นวนิยาย
นวนิยาย
นว. A111ร 2551  
  Barcode: 15324
ห้องสมุดวิทยาเขตสวรรค์ประชารักษ์
►นวนิยาย
บนชั้น
  ขอยืม

รายการใกล้เคียง
    ผู้แต่ง [The Little Finger]

BibComment


ยังไม่เคยถูกคอมเมนท์

คอมเมนท์ทรัพยากรรายการนี้
  คอมเมนท์: เรือนรักที่พักใจ..


 Copyright 2026. Bcnsprnw @Library